General bank management / (Record no. 127209)

MARC details
000 -LEADER
fixed length control field 00769nam a22002657a 4500
003 - CONTROL NUMBER IDENTIFIER
control field 0
005 - DATE AND TIME OF LATEST TRANSACTION
control field 20180728174641.0
008 - FIXED-LENGTH DATA ELEMENTS--GENERAL INFORMATION
fixed length control field 0
010 ## - LIBRARY OF CONGRESS CONTROL NUMBER
LC control number B-216921
020 ## - INTERNATIONAL STANDARD BOOK NUMBER
Terms of availability 250.00
International Standard Book Number 8180544311
035 ## - SYSTEM CONTROL NUMBER
System control number B-216921, B-216922
037 ## - SOURCE OF ACQUISITION
Source of stock number/acquisition Cen Lib/Ret
040 ## - CATALOGING SOURCE
Original cataloging agency DPL
Language of cataloging EN
Transcribing agency 0
082 ## - DEWEY DECIMAL CLASSIFICATION NUMBER
Classification number 332.1
Item number JEE
100 ## - MAIN ENTRY--PERSONAL NAME
Personal name Jeevannandam, C.
9 (RLIN) 19790
245 ## - TITLE STATEMENT
Title General bank management /
Statement of responsibility, etc by C.Jeevannandam;C.B.Gupa [and] T.D.Malhotra
260 ## - PUBLICATION, DISTRIBUTION, ETC. (IMPRINT)
Place of publication, distribution, etc New Delhi
Name of publisher, distributor, etc Sultan Chand & Sons
Date of publication, distribution, etc 2006
270 ## - ADDRESS
Address 23,Darya Ganj
City New Delhi
Postal code 110002
300 ## - PHYSICAL DESCRIPTION
Extent Varous pages
Dimensions 23cm(pbk)
650 ## - SUBJECT ADDED ENTRY--TOPICAL TERM
Topical term or geographic name as entry element Banks-Banking
9 (RLIN) 19791
650 ## - SUBJECT ADDED ENTRY--TOPICAL TERM
Topical term or geographic name as entry element Bank management
9 (RLIN) 19792
700 ## - ADDED ENTRY--PERSONAL NAME
Personal name Gupta, C.B.
9 (RLIN) 19777
700 ## - ADDED ENTRY--PERSONAL NAME
Personal name Malhotra, T.D.
9 (RLIN) 19793
942 ## - ADDED ENTRY ELEMENTS (KOHA)
Source of classification or shelving scheme Dewey Decimal Classification
Koha item type English Books
Classification part 332.1
Call number suffix JEE
Holdings
Withdrawn status Lost status Damaged status Not for loan Home library Current library Date acquired Source of acquisition Cost, normal purchase price Total Checkouts Full call number Barcode Date last seen Copy number Cost, replacement price Price effective from Koha item type Source of classification or shelving scheme Collection code
        Central Library Central Library 27/06/2015 Cen Lib/Ret 250.00   332.1 JEE B-216921 27/06/2015 1 250.00 27/06/2015 English Books    
        Patel Nagar Patel Nagar 28/07/2018 BPPD/PUB 250.00   332.1 JEE B-216922 28/07/2018   250.00 28/07/2018 English Books Dewey Decimal Classification Non-fiction

© Delhi Public Library
Hit Counter
free hit counter